000
00270nam a2200109Ia 4500
008
220214s9999 xx 000 0 und d
100
_a
Rajagopalan KS
245
0
_a
Organisation of corrosion research in India
260
_b
Not available
300
_a
47-51
942
_c
RE
999
_c
46492
_d
46492